Responses for show #4789 - Thursday, June 2, 2005

David Rozenson game 3.

Contestants

[<< previous game]

Rande Jandel, a school cafeteria worker from Omaha, Nebraska

Julie Meister, a mom from Old Greenwich, Connecticut

David Rozenson, a lawyer from Newton, Massachusetts (whose 2-day cash winnings total $48,400)

[next game >>]

Jeopardy! Round responses

SERGEANT YORK
THIS SONG'S ALL WET!
ANNUAL EVENTS
FOOD BRANDS
ARCHITECTS
(Alex: If that weren't enough...)
NON-P.C. WORDS FOR GALS
    $200 12
Tennessee

David
    $200 16
Creedence Clearwater Revival

David
    $200 6
wine

David
    $200 2
Ore-Ida

Rande
    $200 1
(Alex: In New York, yes.)

Central Park

Julie
    $200 9
babe

David
    $400 13
a pacifist

Julie
    $400 20
"Purple Rain"

David
    $400 27
an air show

Rande
    $400 3
Velveeta

David
    $400 4
I.M. Pei

David
    $400 10
a skirt

Rande
    $600 17
France

Triple Stumper
    $600 21
"Rainy Days And Mondays"

Rande
    $600 28
the Virgin Mary (Our Lady of Fatima accepted)

Julie
    $600 24
Nutter Butters

Julie
    $600 5
the Chrysler Building

Julie
    $600 11
chick

Julie
    $800 18
Medal of Honor

Julie
    $800 22
"Raindrops Keep Fallin' On My Head"

David
    $1,000 29
the Columbus Day Parade

Julie
    $800 25
Nutella

Triple Stumper
    $800 7
the Sydney Opera House

David
    $800 14
dame

Julie
    $1000 19
Gary Cooper

Rande
    $1000 23
Peter Gabriel

Triple Stumper
    $1000 30
the Orangemen

Rande
    $1000 26
Old El Paso

Rande
    $1000 8
Philip Johnson

David
    $1000 15
broad

David

Scores at the first commercial break (after clue 16):

David Julie Rande
$4,400 $2,600 $600

Scores at the end of the Jeopardy! Round:

David Julie Rande
$5,600 $5,600 $4,600

Double Jeopardy! Round responses

SARGENT/YORK
THE QUOTABLE BROWNINGS
BIRD UP!
LABOR UNIONS
PICK ME A WIENER
THE "F.D." FILES
    $400 17
Darrin Stephens

Rande
    $400 22
(Alex: What do you bring someone that you plucked from the garden? Usually it's [*], or turnips, I guess.)

flowers

Triple Stumper
    $400 2
the hummingbird

Rande
    $400 1
(Rande: What are lumberjacks?)
...
(Alex: Correct response, what are [*]? Remember, the captain fills out the log, or one of the officers does.)

sailors

Rande
Triple Stumper
    $400 7
Fritz Lang

David
    $400 12
a fire department

Rande
    $800 18
(Alex: Same guy, yeah. Same character.)

Darrin Stephens

David
    $800 23
Italy

Julie
    $800 3
the emperor penguin

Rande
    $800 30
United Auto Workers

David
    $800 8
Maximilian

David
    $800 13
Father Damien

David
    $1200 19
Dr. Kildare

Rande
    $1200 24
(Robby) Burns

Julie
    $1200 4
the albatross

Rande
    $1200 28
prison guards (or correction officers)

Triple Stumper
    $3,000 9
(Alex: [*], yes. He composed many, many beautiful lieders.)

Schubert

David
    $1200 14
Fort Dix

Julie
    $1600 20
Diff'rent Strokes

Rande
    $1,000 25
(Alex: You're in third place. You can move up. You can take the lead away from David, as a matter of fact.)
(Julie: Ugh. Um, I'll wager--)
(Alex: Ugh? What's wrong with poetry?)
(Julie: I'll wager $1,000.)

George Sand

Julie
    $1600 5
the eagle

Triple Stumper
    $1600 27
the American Federation of Musicians

Triple Stumper
    $1600 10
(Felix) Frankfurter

David
    $1600 15
the Flying Dutchman

Rande
    $2000 21
Rawhide

David
    $2000 26
all's right with the world

Julie
    $2000 6
the ptarmigan

David
    $2000 29
(David: What are air traffic controllers?)
...
(Alex: [*], yes. 1970.)

postal workers

DavidJulie
    $2000 11
(Rande: Who is Josephine?)
(David: Who is Marie-Antoinette?)
(Julie: Who is Maria Theresa?)
...
(Alex: [*], who married Napoleon.)

Marie Louise

DavidJulieRande
Triple Stumper
    $2000 16
the flight deck

Julie

Scores at the end of the Double Jeopardy! Round:

David Julie Rande
$13,800 $13,800 $9,800

[wagering suggestions for these scores]

Final Jeopardy! Round responses

NEW YORK CITY
(Alex: It was going to be called the Weehawken Midtown Tunnel.)
RandeWhat is the East Bridge?
$4,100
JulieWhat is the Tappanzee Bridge?
$6,000
DavidWhat is the Lincoln Tunnel
$13,800
the Lincoln Tunnel

Final scores:

David Julie Rande
$27,600 $7,800 $5,700
3-day champion: $76,000 2nd place: $2,000 3rd place: $1,000

Game dynamics:

Coryat scores:

David Julie Rande
$12,000 $14,200 $9,800
20 R
(including 1 DD),
2 W
16 R
(including 2 DDs),
1 W
15 R,
2 W

Combined Coryat: $36,000

The J! Archive is created by fans, for fans. The Jeopardy! game show and all elements thereof, including but not limited to copyright and trademark thereto, are the property of Jeopardy Productions, Inc. and are protected under law. This website is not affiliated with, sponsored by, or operated by Jeopardy Productions, Inc. Join the discussion at JBoard.tv.